000 00300nam a2200133Ia 4500
008 191201s2010 xx 000 0 und d
100 _aOJHA, CSP
245 0 _aEngineering Hydrology
250 _aIMP
260 _aN. delhi
_bOxford
_c2010
300 _a445
650 _aB.Tech(CE)
942 _2ddc
_cBK
999 _c5408
_d5408